000 01776cad a22002415a 4500
001 L153617
008 110810s2011 xxkad f s 000 0 eng d
035 _a(Sirsi) u153617
041 0 _aeng
050 0 4 _a333.33 $2 18
110 2 _aRoyal Institution of Chartered Surveyors
_bEconomics
_95033
245 0 0 _aRICS global commercial property survey
_bQ2 2011
_h[electronic resource]
260 _aLondon
_bRICS
_c2011
490 0 _aRICS Global Commercial Property Survey United Kingdom
_vQ2 2011
520 _aNon-Japan Asia and Central and Eastern Europe most positive.The outlook for both occupier and investment markets is strongest in non-Japan Asia and some parts of Central and Eastern Europe. Sentiment is most negative in the euro area periphery and Japan. New development starts are rising most sharply in Brazil, Malaysia, Russia and Poland. The Q2 2011 survey shows that expectations for both rents and capital values are generally strongly positive but divergently the mood in much of peripheral Europe, Japan and the UAE remains fairly gloomy. In terms of the Q2 data China and Hong Kong continue to be the star performers in both occupier and investment markets.
520 _aSuite of surveys includes regional commercial property surveys for the Americas; Europe; Hong Kong, China and Singapore; India; Oceania, and United Arab Emirates. An additional file reports key comments from RICS member representatives across the world.
590 _aKA
650 2 4 _aRICS GLOBAL COMMERCIAL PROPERTY SURVEY
651 4 _aInternational
690 _aPROPERTY-COMMERCIAL PROPERTY-COMMERCIAL PROPERTY MARKET
856 4 0 _uhttps://www.rics.org/site/scripts/download_info.aspx?downloadID=7605
_zView the suite of surveys free of charge at www.rics.org
942 _n0
999 _c112615
_d112615